Jack And The Bean Stalk

Bibliographic Details
Format: Book
Published: Batu Caves,Selangor : Mines Publication & Distributors , 20?
Series:Ancient Stories
Subjects:

MARC

LEADER 00000cam a2200000 7i4500
001 0000058856
005 20080303.0
008 080303n
020 |a 983345304X 
090 0 0 |a J 398.22 JAC 
245 1 0 |a Jack And The Bean Stalk 
260 |a Batu Caves,Selangor :   |b Mines Publication & Distributors ,   |c 20? 
300 |a 16p. :   |b ill.col.; ;   |c 26cm. 
440 0 |a Ancient Stories 
650 0 0 |a Fables 
999 |a 294321   |b Buku   |c Koleksi Pinjaman Kanak-Kanak   |e Perbadanan Perpustakaan Awam Melaka 
999 |a 294322   |b Buku   |c Koleksi Pinjaman Kanak-Kanak   |e Perbadanan Perpustakaan Awam Melaka 
999 |a 294323   |b Buku   |c Koleksi Pinjaman Kanak-Kanak   |e Perpustakaan Cawangan Masjid Tanah 
999 |a 294324   |b Buku   |c Koleksi Pinjaman Kanak-Kanak   |e Perpustakaan Cawangan Merlimau 
999 |a 294325   |b Buku   |c Koleksi Pinjaman Kanak-Kanak   |e Perpustakaan Cawangan Jasin 
999 |a 294326   |b Buku   |c Koleksi Pinjaman Kanak-Kanak   |e Perbadanan Perpustakaan Awam Melaka